000 01358nam a2200253Ia 4500
999 _c52666
_d52666
001 19690
003 GE_BSU
005 20200326162359.0
008 181216s1985||||ge |||||||||||||| ||geo||
040 _cGE_BSU
041 _ageo
080 _a091(479.22) ქ-27
245 _aქართულ ხელნაწერთა აღწერილობა :
_bყოფილი საეკლესიო მუზეუმის (A) კოლექციისა ტ. 2. [ნაკვ. 1] /
_cშეადგინეს და დასაბეჭდად მოამზადეს : თ. ბრეგაძემ და სხვ. ; ე. მეტრეველის რედაქციით.
264 _aთბილისი :
_bმეცნიერება,
_c1986.
300 _a283 გვ.;
_c27 სმ.
500 _aსაძიებლები : გვ. 196-238
541 _h7ლ.40თ.
653 _aქართული ხელნაწერები
653 _aხელნაწერები
700 _aმეტრეველი, ელ.
_eრედაქტორი
_93518
710 _aსაქ. სსრ მეცნ. აკადემია
_97802
710 _aკ. კეკელიძის სახ. ხელნაწერთა ინსტიტუტი
_97800
942 _cBK
_2udc